00577nam a2200145Ia 4500008004100000024004100041082001700082100006600099245005500165260002500220600002100245650003800266952011000304999001700414250506s9999 xx 000 0 und d a11B-10-BS, 11B-27-BS & 11B-49-BS a005.8072 MUH aMuhammad Mustafa Khateeb, Syed Sajid Karim & Syed Ibad Rehman 0aSecure File Sharing Using Cryptography (code book) aKarachi:bUIT,c2011 aComputer Science aBachelor of Computer Science (BS) 001040708PR-CSaUITUbUITUd2022-07-26l0o005.8072 MUHpBS-451-Ar2025-05-06 11:34:26w2025-05-06yPR c28451d28451